[Event "DVM U20 2020"]
[Site "Willingen GER"]
[Date "2021.06.27"]
[Round "7"]
[White "Gubariev, Yakiv"]
[Black "Prieb, Robert"]
[Result "1-0"]
[Termination "normal"]
[Board "1.4"]
[BlackTitle "CM"]
[WhiteElo "1925"]
[BlackElo "2040"]
[WhiteClock "00:11:57"]
[BlackClock "00:00:58"]
[WhiteTeam "Schachfreunde Augsburg"]
[BlackTeam "Schachgesellschaft Bochum 1931"]
[PlyCount "115"]
[WhiteFideId "16216938"]
[BlackFideId "16212002"]
[EventCountry "GER"]
[EventRounds "7"]
[EventType "team-swiss"]
[EventDate "2021.06.23"]

1. e4 {[%clk 01:30:57]} {[%emt 00:00:02]} c5 {[%clk 01:30:52]} {[%emt
00:00:08]} 2. Nf3 {[%clk 01:31:06]} {[%emt 00:00:23]} d6 {[%clk 01:31:07]}
{[%emt 00:00:14]} 3. d4 {[%clk 01:31:28]} {[%emt 00:00:08]} cxd4 {[%clk
01:31:19]} {[%emt 00:00:18]} 4. Nxd4 {[%clk 01:31:55]} {[%emt 00:00:02]} Nf6
{[%clk 01:31:32]} {[%emt 00:00:18]} 5. Nc3 {[%clk 01:32:19]} {[%emt 00:00:06]}
a6 {[%clk 01:31:48]} {[%emt 00:00:14]} 6. Be2 {[%clk 01:31:41]} {[%emt
00:01:08]} e5 {[%clk 01:31:46]} {[%emt 00:00:32]} 7. Nb3 {[%clk 01:31:59]}
{[%emt 00:00:12]} Be6 {[%clk 01:31:33]} {[%emt 00:00:43]} 8. O-O {[%clk
01:32:08]} {[%emt 00:00:20]} Be7 {[%clk 01:31:20]} {[%emt 00:00:44]} 9. Re1
{[%clk 01:32:05]} {[%emt 00:00:33]} O-O {[%clk 01:31:09]} {[%emt 00:00:40]} 10.
Bf3 {[%clk 01:32:10]} {[%emt 00:00:25]} Qc7 {[%clk 01:29:24]} {[%emt 00:02:15]}
11. a4 {[%clk 01:28:51]} {[%emt 00:03:50]} b6 {[%clk 01:27:59]} {[%emt
00:01:55]} 12. Be3 {[%clk 01:18:37]} {[%emt 00:10:44]} Nc6 {[%clk 01:23:18]}
{[%emt 00:05:10]} 13. Nd5 {[%clk 01:12:01]} {[%emt 00:07:07]} Bxd5 {[%clk
01:22:04]} {[%emt 00:01:44]} 14. exd5 {[%clk 01:07:37]} {[%emt 00:04:54]} Nb8
{[%clk 01:21:58]} {[%emt 00:00:36]} 15. c3 {[%clk 01:03:16]} {[%emt 00:04:50]}
Nbd7 {[%clk 01:17:04]} {[%emt 00:05:24]} 16. a5 {[%clk 01:00:43]} {[%emt
00:03:03]} b5 {[%clk 01:14:05]} {[%emt 00:03:30]} 17. Qc2 {[%clk 00:45:24]}
{[%emt 00:15:49]} Rac8 {[%clk 01:05:55]} {[%emt 00:08:40]} 18. Rac1 {[%clk
00:42:23]} {[%emt 00:03:31]} Ne8 {[%clk 00:57:49]} {[%emt 00:08:36]} 19. Be4
{[%clk 00:41:05]} {[%emt 00:01:48]} g6 {[%clk 00:56:44]} {[%emt 00:01:35]} 20.
Bh6 {[%clk 00:37:47]} {[%emt 00:03:48]} Ng7 {[%clk 00:56:41]} {[%emt 00:00:33]}
21. g3 {[%clk 00:32:04]} {[%emt 00:06:13]} f5 {[%clk 00:50:21]} {[%emt
00:06:49]} 22. Bg2 {[%clk 00:31:33]} {[%emt 00:01:01]} Nf6 {[%clk 00:45:27]}
{[%emt 00:05:24]} 23. h3 {[%clk 00:29:09]} {[%emt 00:02:54]} Rf7 {[%clk
00:40:04]} {[%emt 00:05:54]} 24. Nd2 {[%clk 00:23:44]} {[%emt 00:05:54]} Kh8
{[%clk 00:31:14]} {[%emt 00:09:20]} 25. Nf3 {[%clk 00:21:29]} {[%emt 00:02:46]}
Ng8 {[%clk 00:30:30]} {[%emt 00:01:12]} 26. Be3 {[%clk 00:20:08]} {[%emt
00:01:53]} h6 {[%clk 00:24:38]} {[%emt 00:06:22]} 27. Bb6 {[%clk 00:16:20]}
{[%emt 00:04:18]} Qd7 {[%clk 00:22:23]} {[%emt 00:02:45]} 28. Qb3 {[%clk
00:14:06]} {[%emt 00:02:44]} g5 {[%clk 00:19:18]} {[%emt 00:03:36]} 29. Rxe5
{[%clk 00:11:48]} {[%emt 00:02:48]} g4 {[%clk 00:16:16]} {[%emt 00:03:32]} 30.
Rxe7 {[%clk 00:12:05]} {[%emt 00:00:13]} Nxe7 {[%clk 00:16:05]} {[%emt
00:00:40]} 31. Nd4 {[%clk 00:12:13]} {[%emt 00:00:23]} Ng6 {[%clk 00:13:33]}
{[%emt 00:03:02]} 32. Ne6 {[%clk 00:09:35]} {[%emt 00:03:08]} Re7 {[%clk
00:10:40]} {[%emt 00:03:23]} 33. hxg4 {[%clk 00:08:32]} {[%emt 00:01:33]} fxg4
{[%clk 00:10:59]} {[%emt 00:00:11]} 34. Bd4 {[%clk 00:07:14]} {[%emt 00:01:48]}
Ne5 {[%clk 00:10:57]} {[%emt 00:00:31]} 35. Nf4 {[%clk 00:05:00]} {[%emt
00:02:43]} Qf5 {[%clk 00:10:18]} {[%emt 00:01:09]} 36. Qb4 {[%clk 00:03:43]}
{[%emt 00:01:47]} Rd8 {[%clk 00:09:37]} {[%emt 00:01:11]} 37. Bb6 {[%clk
00:03:40]} {[%emt 00:00:33]} Rdd7 {[%clk 00:09:42]} {[%emt 00:00:26]} 38. Be4
{[%clk 00:03:10]} {[%emt 00:01:00]} Nf3+ {[%clk 00:06:03]} {[%emt 00:04:09]}
39. Bxf3 {[%clk 00:03:24]} {[%emt 00:00:16]} gxf3 {[%clk 00:06:28]} {[%emt
00:00:05]} 40. Qd4 {[%clk 00:02:14]} {[%emt 00:01:40]} Re4 {[%clk 00:04:35]}
{[%emt 00:02:23]} 41. Qd2 {[%clk 00:29:16]} {[%emt 00:03:29]} Rf7 {[%clk
00:26:47]} {[%emt 00:08:17]} 42. Kh2 {[%clk 00:23:56]} {[%emt 00:05:51]} Re2
{[%clk 00:14:45]} {[%emt 00:12:33]} 43. Qd3 {[%clk 00:20:36]} {[%emt 00:03:49]}
Qxd3 {[%clk 00:12:30]} {[%emt 00:02:45]} 44. Nxd3 {[%clk 00:21:04]} {[%emt
00:00:02]} Rfe7 {[%clk 00:11:37]} {[%emt 00:01:24]} 45. b3 {[%clk 00:20:05]}
{[%emt 00:01:28]} Nf5 {[%clk 00:06:57]} {[%emt 00:05:11]} 46. Nf4 {[%clk
00:18:49]} {[%emt 00:01:45]} Rb2 {[%clk 00:04:07]} {[%emt 00:03:19]} 47. Ng6+
{[%clk 00:19:05]} {[%emt 00:00:15]} Kg8 {[%clk 00:04:32]} {[%emt 00:00:06]} 48.
Nxe7+ {[%clk 00:19:31]} {[%emt 00:00:04]} Nxe7 {[%clk 00:04:58]} {[%emt
00:00:04]} 49. c4 {[%clk 00:12:57]} {[%emt 00:07:05]} bxc4 {[%clk 00:02:16]}
{[%emt 00:03:11]} 50. bxc4 {[%clk 00:13:08]} {[%emt 00:00:20]} Nf5 {[%clk
00:01:52]} {[%emt 00:00:52]} 51. g4 {[%clk 00:12:44]} {[%emt 00:00:55]} Ne7
{[%clk 00:01:15]} {[%emt 00:01:09]} 52. Kg3 {[%clk 00:11:47]} {[%emt 00:01:25]}
Rb3 {[%clk 00:01:05]} {[%emt 00:00:41]} 53. Re1 {[%clk 00:11:39]} {[%emt
00:00:36]} Kf7 {[%clk 00:01:09]} {[%emt 00:00:26]} 54. Re3 {[%clk 00:11:11]}
{[%emt 00:00:59]} Rxe3 {[%clk 00:00:42]} {[%emt 00:00:58]} 55. Bxe3 {[%clk
00:11:35]} {[%emt 00:00:05]} Ng6 {[%clk 00:01:05]} {[%emt 00:00:06]} 56. Bf4
{[%clk 00:11:26]} {[%emt 00:00:40]} Ke7 {[%clk 00:00:46]} {[%emt 00:00:48]} 57.
Kxf3 {[%clk 00:11:47]} {[%emt 00:00:09]} Kd7 {[%clk 00:00:58]} {[%emt
00:00:18]} 58. Ke4 {[%clk 00:11:57]} {[%emt 00:00:20]} 1-0

[Event "DVM U20 2020"]
[Site "Willingen GER"]
[Date "2021.06.27"]
[Round "7"]
[White "Klugstedt, Vincent"]
[Black "McPherson, Elisha"]
[Result "1-0"]
[Termination "normal"]
[Board "1.5"]
[WhiteElo "1928"]
[BlackElo "1967"]
[WhiteClock "00:54:31"]
[BlackClock "00:34:28"]
[WhiteTeam "Schachgesellschaft Bochum 1931"]
[BlackTeam "Schachfreunde Augsburg"]
[PlyCount "95"]
[WhiteFideId "16216393"]
[BlackFideId "16255852"]
[EventCountry "GER"]
[EventRounds "7"]
[EventType "team-swiss"]
[EventDate "2021.06.23"]

1. d4 {[%clk 01:30:59]} {[%emt 00:00:01]} d5 {[%clk 01:30:55]} {[%emt
00:00:05]} 2. c4 {[%clk 01:31:20]} {[%emt 00:00:09]} e6 {[%clk 01:31:13]}
{[%emt 00:00:12]} 3. Nc3 {[%clk 01:31:40]} {[%emt 00:00:10]} Nf6 {[%clk
01:31:37]} {[%emt 00:00:07]} 4. cxd5 {[%clk 01:32:02]} {[%emt 00:00:07]} exd5
{[%clk 01:32:04]} {[%emt 00:00:03]} 5. Bg5 {[%clk 01:32:18]} {[%emt 00:00:13]}
Be7 {[%clk 01:32:25]} {[%emt 00:00:10]} 6. e3 {[%clk 01:32:18]} {[%emt
00:00:30]} O-O {[%clk 01:32:41]} {[%emt 00:00:13]} 7. Bd3 {[%clk 01:32:33]}
{[%emt 00:00:15]} Re8 {[%clk 01:32:51]} {[%emt 00:00:21]} 8. Nge2 {[%clk
01:30:51]} {[%emt 00:02:12]} c5 {[%clk 01:28:46]} {[%emt 00:04:35]} 9. O-O
{[%clk 01:29:08]} {[%emt 00:02:12]} Bg4 {[%clk 01:25:34]} {[%emt 00:03:43]} 10.
dxc5 {[%clk 01:24:23]} {[%emt 00:05:15]} Ne4 {[%clk 01:06:23]} {[%emt
00:19:41]} 11. Bxe7 {[%clk 01:18:06]} {[%emt 00:06:47]} Qxe7 {[%clk 01:01:40]}
{[%emt 00:05:12]} 12. Nxd5 {[%clk 01:14:42]} {[%emt 00:03:55]} Qxc5 {[%clk
00:59:04]} {[%emt 00:03:06]} 13. Bxe4 {[%clk 01:12:42]} {[%emt 00:02:30]} Bxe2
{[%clk 00:59:03]} {[%emt 00:00:31]} 14. Qxe2 {[%clk 01:12:20]} {[%emt
00:00:52]} Rxe4 {[%clk 00:59:19]} {[%emt 00:00:14]} 15. Rac1 {[%clk 01:12:20]}
{[%emt 00:00:29]} Qf8 {[%clk 00:58:32]} {[%emt 00:01:18]} 16. Nc7 {[%clk
01:12:11]} {[%emt 00:00:39]} Nc6 {[%clk 00:58:51]} {[%emt 00:00:10]} 17. Nxa8
{[%clk 01:12:30]} {[%emt 00:00:12]} Qxa8 {[%clk 00:59:14]} {[%emt 00:00:06]}
18. Rfd1 {[%clk 01:11:55]} {[%emt 00:01:05]} Qe8 {[%clk 00:58:30]} {[%emt
00:01:15]} 19. Qd3 {[%clk 01:10:50]} {[%emt 00:01:34]} Re7 {[%clk 00:58:33]}
{[%emt 00:00:27]} 20. h3 {[%clk 01:10:15]} {[%emt 00:01:06]} g6 {[%clk
00:58:40]} {[%emt 00:00:23]} 21. Rd2 {[%clk 01:09:48]} {[%emt 00:00:56]} a6
{[%clk 00:58:46]} {[%emt 00:00:25]} 22. Rcd1 {[%clk 01:10:01]} {[%emt
00:00:17]} Qb8 {[%clk 00:58:34]} {[%emt 00:00:42]} 23. Qc3 {[%clk 01:10:11]}
{[%emt 00:00:19]} Qc7 {[%clk 00:58:12]} {[%emt 00:00:53]} 24. b4 {[%clk
01:10:15]} {[%emt 00:00:26]} Qb6 {[%clk 00:51:55]} {[%emt 00:06:47]} 25. a4
{[%clk 01:10:08]} {[%emt 00:00:36]} Re8 {[%clk 00:51:03]} {[%emt 00:01:23]} 26.
Rd6 {[%clk 01:09:09]} {[%emt 00:01:29]} Rb8 {[%clk 00:42:24]} {[%emt 00:09:08]}
27. Qc4 {[%clk 01:05:29]} {[%emt 00:04:11]} Qa7 {[%clk 00:39:33]} {[%emt
00:03:21]} 28. b5 {[%clk 01:01:53]} {[%emt 00:04:05]} axb5 {[%clk 00:38:18]}
{[%emt 00:01:45]} 29. axb5 {[%clk 01:02:19]} {[%emt 00:00:05]} Ne7 {[%clk
00:38:08]} {[%emt 00:00:39]} 30. Rd8+ {[%clk 00:58:24]} {[%emt 00:04:26]} Kg7
{[%clk 00:38:05]} {[%emt 00:00:32]} 31. Qd4+ {[%clk 00:56:27]} {[%emt
00:02:27]} Qxd4 {[%clk 00:38:27]} {[%emt 00:00:08]} 32. R1xd4 {[%clk 00:56:47]}
{[%emt 00:00:10]} Rc8 {[%clk 00:37:29]} {[%emt 00:01:28]} 33. Rxc8 {[%clk
00:56:21]} {[%emt 00:00:56]} Nxc8 {[%clk 00:37:56]} {[%emt 00:00:03]} 34. Rd8
{[%clk 00:54:43]} {[%emt 00:02:08]} Na7 {[%clk 00:38:17]} {[%emt 00:00:09]} 35.
b6 {[%clk 00:54:15]} {[%emt 00:00:59]} Nc6 {[%clk 00:38:45]} {[%emt 00:00:02]}
36. Rd7 {[%clk 00:54:28]} {[%emt 00:00:18]} Na5 {[%clk 00:39:02]} {[%emt
00:00:12]} 37. e4 {[%clk 00:54:10]} {[%emt 00:00:47]} Kf6 {[%clk 00:39:13]}
{[%emt 00:00:19]} 38. f4 {[%clk 00:54:30]} {[%emt 00:00:11]} Ke6 {[%clk
00:39:10]} {[%emt 00:00:32]} 39. Rc7 {[%clk 00:54:47]} {[%emt 00:00:13]} h5
{[%clk 00:36:41]} {[%emt 00:03:01]} 40. g4 {[%clk 00:54:58]} {[%emt 00:00:18]}
hxg4 {[%clk 00:36:43]} {[%emt 00:00:28]} 41. hxg4 {[%clk 00:55:18]} {[%emt
00:00:09]} f6 {[%clk 00:36:42]} {[%emt 00:00:32]} 42. Kf2 {[%clk 00:55:32]}
{[%emt 00:00:17]} Nb3 {[%clk 00:36:19]} {[%emt 00:00:51]} 43. Ke3 {[%clk
00:55:28]} {[%emt 00:00:33]} Na5 {[%clk 00:36:25]} {[%emt 00:00:25]} 44. f5+
{[%clk 00:54:48]} {[%emt 00:01:10]} gxf5 {[%clk 00:36:43]} {[%emt 00:00:12]}
45. exf5+ {[%clk 00:54:14]} {[%emt 00:01:04]} Kd5 {[%clk 00:36:09]} {[%emt
00:01:04]} 46. Kf4 {[%clk 00:54:19]} {[%emt 00:00:27]} Nc4 {[%clk 00:34:40]}
{[%emt 00:01:57]} 47. Rxb7 {[%clk 00:54:21]} {[%emt 00:00:28]} Nd6 {[%clk
00:34:28]} {[%emt 00:00:42]} 48. Rd7 {[%clk 00:54:31]} {[%emt 00:00:21]} 1-0

[Event "DVM U20 2020"]
[Site "Willingen GER"]
[Date "2021.06.27"]
[Round "7"]
[White "Weisheit, Erik"]
[Black "Gluma, Christian"]
[Result "0-1"]
[Termination "normal"]
[Board "1.6"]
[WhiteElo "1942"]
[BlackElo "1864"]
[WhiteClock "00:05:26"]
[BlackClock "00:30:29"]
[WhiteTeam "Schachfreunde Augsburg"]
[BlackTeam "Schachgesellschaft Bochum 1931"]
[PlyCount "106"]
[WhiteFideId "12981702"]
[BlackFideId "16223209"]
[EventCountry "GER"]
[EventRounds "7"]
[EventType "team-swiss"]
[EventDate "2021.06.23"]

1. e4 {[%clk 01:30:51]} {[%emt 00:00:09]} g6 {[%clk 01:30:56]} {[%emt
00:00:05]} 2. d4 {[%clk 01:31:11]} {[%emt 00:00:10]} Bg7 {[%clk 01:31:23]}
{[%emt 00:00:03]} 3. Bc4 {[%clk 01:31:32]} {[%emt 00:00:08]} c6 {[%clk
01:31:49]} {[%emt 00:00:05]} 4. Qf3 {[%clk 01:29:54]} {[%emt 00:02:08]} e6
{[%clk 01:29:01]} {[%emt 00:03:17]} 5. e5 {[%clk 01:26:34]} {[%emt 00:03:51]}
d5 {[%clk 01:27:48]} {[%emt 00:01:43]} 6. exd6 {[%clk 01:24:29]} {[%emt
00:02:35]} Bxd4 {[%clk 01:25:10]} {[%emt 00:03:08]} 7. Ne2 {[%clk 01:20:05]}
{[%emt 00:04:53]} Be5 {[%clk 01:19:36]} {[%emt 00:06:05]} 8. Nbc3 {[%clk
01:18:38]} {[%emt 00:01:56]} Qxd6 {[%clk 01:16:44]} {[%emt 00:03:23]} 9. Bf4
{[%clk 01:17:24]} {[%emt 00:01:44]} Bxf4 {[%clk 01:09:11]} {[%emt 00:08:03]}
10. Nxf4 {[%clk 01:17:38]} {[%emt 00:00:16]} Nd7 {[%clk 01:05:22]} {[%emt
00:04:19]} 11. Ne4 {[%clk 01:07:27]} {[%emt 00:10:40]} Qb4+ {[%clk 00:48:09]}
{[%emt 00:17:44]} 12. c3 {[%clk 01:06:15]} {[%emt 00:01:41]} Qa5 {[%clk
00:43:41]} {[%emt 00:04:58]} 13. Nd6+ {[%clk 00:51:31]} {[%emt 00:15:15]} Ke7
{[%clk 00:43:07]} {[%emt 00:01:04]} 14. Nxf7 {[%clk 00:51:10]} {[%emt
00:00:51]} Kxf7 {[%clk 00:39:32]} {[%emt 00:04:05]} 15. Nxe6+ {[%clk 00:51:15]}
{[%emt 00:00:24]} Ngf6 {[%clk 00:32:36]} {[%emt 00:07:27]} 16. Nc7+ {[%clk
00:34:26]} {[%emt 00:17:19]} Kg7 {[%clk 00:32:32]} {[%emt 00:00:34]} 17. Nxa8
{[%clk 00:33:45]} {[%emt 00:01:11]} Ne5 {[%clk 00:31:44]} {[%emt 00:01:18]} 18.
Qf4 {[%clk 00:31:25]} {[%emt 00:02:50]} Nxc4 {[%clk 00:30:19]} {[%emt
00:01:55]} 19. Qxc4 {[%clk 00:30:17]} {[%emt 00:01:37]} Re8+ {[%clk 00:30:07]}
{[%emt 00:00:42]} 20. Kf1 {[%clk 00:28:28]} {[%emt 00:02:19]} Be6 {[%clk
00:27:44]} {[%emt 00:02:54]} 21. Qd4 {[%clk 00:26:50]} {[%emt 00:02:07]} Rxa8
{[%clk 00:26:20]} {[%emt 00:01:55]} 22. Re1 {[%clk 00:23:37]} {[%emt 00:03:43]}
Qxa2 {[%clk 00:19:26]} {[%emt 00:07:24]} 23. f3 {[%clk 00:18:49]} {[%emt
00:05:18]} Re8 {[%clk 00:16:29]} {[%emt 00:03:26]} 24. Kf2 {[%clk 00:16:40]}
{[%emt 00:02:39]} Qxb2+ {[%clk 00:12:41]} {[%emt 00:04:19]} 25. Kg3 {[%clk
00:14:34]} {[%emt 00:02:36]} Kf7 {[%clk 00:09:04]} {[%emt 00:04:08]} 26. h3
{[%clk 00:11:07]} {[%emt 00:03:56]} Qb6 {[%clk 00:07:59]} {[%emt 00:01:36]} 27.
Qf4 {[%clk 00:10:43]} {[%emt 00:00:54]} Qc5 {[%clk 00:06:34]} {[%emt 00:01:43]}
28. Re5 {[%clk 00:08:31]} {[%emt 00:02:53]} Qxc3 {[%clk 00:05:11]} {[%emt
00:01:53]} 29. Rhe1 {[%clk 00:08:38]} {[%emt 00:00:24]} Bf5 {[%clk 00:04:20]}
{[%emt 00:01:22]} 30. Kh2 {[%clk 00:07:20]} {[%emt 00:01:47]} Rxe5 {[%clk
00:03:08]} {[%emt 00:01:42]} 31. Rxe5 {[%clk 00:07:42]} {[%emt 00:00:08]} Nh5
{[%clk 00:03:11]} {[%emt 00:00:27]} 32. Rxf5+ {[%clk 00:06:34]} {[%emt
00:01:37]} gxf5 {[%clk 00:03:32]} {[%emt 00:00:09]} 33. Qc7+ {[%clk 00:06:50]}
{[%emt 00:00:14]} Kg6 {[%clk 00:03:20]} {[%emt 00:00:43]} 34. Qb8 {[%clk
00:06:17]} {[%emt 00:01:02]} Nf6 {[%clk 00:03:03]} {[%emt 00:00:47]} 35. Qg3+
{[%clk 00:06:06]} {[%emt 00:00:41]} Kf7 {[%clk 00:02:41]} {[%emt 00:00:52]} 36.
Qc7+ {[%clk 00:06:21]} {[%emt 00:00:15]} Ke6 {[%clk 00:02:43]} {[%emt
00:00:28]} 37. Qc8+ {[%clk 00:06:12]} {[%emt 00:00:39]} Kd5 {[%clk 00:02:39]}
{[%emt 00:00:31]} 38. Qxb7 {[%clk 00:06:02]} {[%emt 00:00:42]} a5 {[%clk
00:02:11]} {[%emt 00:00:59]} 39. Qf7+ {[%clk 00:06:01]} {[%emt 00:00:30]} Kc5
{[%clk 00:02:26]} {[%emt 00:00:15]} 40. Qe7+ {[%clk 00:05:22]} {[%emt
00:01:09]} Kb5 {[%clk 00:02:29]} {[%emt 00:00:27]} 41. Qb7+ {[%clk 00:05:31]}
{[%emt 00:00:22]} Ka4 {[%clk 00:02:30]} {[%emt 00:00:28]} 42. Qb1 {[%clk
00:05:40]} {[%emt 00:00:21]} Qe5+ {[%clk 00:01:56]} {[%emt 00:01:04]} 43. Kh1
{[%clk 00:06:00]} {[%emt 00:00:08]} Nd5 {[%clk 00:01:43]} {[%emt 00:00:44]} 44.
Qa2+ {[%clk 00:05:31]} {[%emt 00:00:59]} Kb5 {[%clk 00:02:04]} {[%emt
00:00:08]} 45. Qb1+ {[%clk 00:05:26]} {[%emt 00:00:35]} Nb4 {[%clk 00:02:10]}
{[%emt 00:00:24]} 46. Qf1+ {[%clk 00:05:34]} {[%emt 00:00:23]} Kb6 {[%clk
00:02:21]} {[%emt 00:00:19]} 47. Qf2+ {[%clk 00:05:50]} {[%emt 00:00:14]} Qc5
{[%clk 00:02:45]} {[%emt 00:00:07]} 48. Qh4 {[%clk 00:06:03]} {[%emt 00:00:16]}
a4 {[%clk 00:01:50]} {[%emt 00:01:26]} 49. Qd8+ {[%clk 00:05:44]} {[%emt
00:00:48]} Kb5 {[%clk 00:01:18]} {[%emt 00:01:04]} 50. Qb8+ {[%clk 00:05:54]}
{[%emt 00:00:19]} Kc4 {[%clk 00:01:13]} {[%emt 00:00:36]} 51. Qg8+ {[%clk
00:05:37]} {[%emt 00:00:46]} Qd5 {[%clk 00:00:44]} {[%emt 00:00:59]} 52. Qxh7
{[%clk 00:05:11]} {[%emt 00:00:55]} a3 {[%clk 00:00:43]} {[%emt 00:00:32]} 53.
Qh4+ {[%clk 00:05:26]} {[%emt 00:00:14]} Qd4 {[%clk 00:30:29]} {[%emt
00:00:45]} 0-1

[Event "DVM U20 2020"]
[Site "Willingen GER"]
[Date "2021.06.27"]
[Round "7"]
[White "Suvorov, Alexander"]
[Black "Schneider, Jana"]
[Result "1/2-1/2"]
[Termination "normal"]
[Board "2.1"]
[WhiteTitle "FM"]
[BlackTitle "FM"]
[WhiteElo "2353"]
[BlackElo "2321"]
[WhiteClock "00:29:03"]
[BlackClock "00:51:04"]
[WhiteTeam "Schachgemeinschaft Porz e. V."]
[BlackTeam "SC Bavaria Regensburg von 1881 e.V."]
[PlyCount "41"]
[WhiteFideId "12977063"]
[BlackFideId "12924997"]
[EventCountry "GER"]
[EventRounds "7"]
[EventType "team-swiss"]
[EventDate "2021.06.23"]

1. d4 {[%clk 01:30:43]} {[%emt 00:00:16]} d5 {[%clk 01:30:52]} {[%emt
00:00:08]} 2. c4 {[%clk 01:30:36]} {[%emt 00:00:37]} e6 {[%clk 01:31:16]}
{[%emt 00:00:06]} 3. Nc3 {[%clk 01:30:51]} {[%emt 00:00:15]} Nf6 {[%clk
01:31:32]} {[%emt 00:00:14]} 4. cxd5 {[%clk 01:30:48]} {[%emt 00:00:33]} exd5
{[%clk 01:31:54]} {[%emt 00:00:09]} 5. Bg5 {[%clk 01:31:04]} {[%emt 00:00:14]}
Be7 {[%clk 01:32:09]} {[%emt 00:00:14]} 6. e3 {[%clk 01:30:57]} {[%emt
00:00:38]} O-O {[%clk 01:32:22]} {[%emt 00:00:17]} 7. Bd3 {[%clk 01:30:42]}
{[%emt 00:00:45]} h6 {[%clk 01:32:35]} {[%emt 00:00:17]} 8. Bh4 {[%clk
01:27:18]} {[%emt 00:03:54]} Re8 {[%clk 01:32:34]} {[%emt 00:00:31]} 9. Nf3
{[%clk 01:26:00]} {[%emt 00:01:48]} c6 {[%clk 01:32:33]} {[%emt 00:00:31]} 10.
O-O {[%clk 01:24:01]} {[%emt 00:02:29]} Ne4 {[%clk 01:30:59]} {[%emt 00:02:03]}
11. Bxe7 {[%clk 01:23:52]} {[%emt 00:00:40]} Qxe7 {[%clk 01:31:12]} {[%emt
00:00:17]} 12. Qc2 {[%clk 01:23:54]} {[%emt 00:00:27]} Bf5 {[%clk 01:25:51]}
{[%emt 00:05:52]} 13. Rab1 {[%clk 01:14:11]} {[%emt 00:10:13]} Nd7 {[%clk
01:14:24]} {[%emt 00:11:56]} 14. Nd2 {[%clk 01:00:47]} {[%emt 00:13:54]} Qe6
{[%clk 01:06:42]} {[%emt 00:08:12]} 15. Ndxe4 {[%clk 00:40:52]} {[%emt
00:20:26]} dxe4 {[%clk 01:06:28]} {[%emt 00:00:43]} 16. Be2 {[%clk 00:41:17]}
{[%emt 00:00:05]} Qg6 {[%clk 01:03:33]} {[%emt 00:03:26]} 17. Rfd1 {[%clk
00:38:48]} {[%emt 00:02:59]} Bh3 {[%clk 00:51:27]} {[%emt 00:12:36]} 18. Bf1
{[%clk 00:36:33]} {[%emt 00:02:45]} Bg4 {[%clk 00:51:28]} {[%emt 00:00:28]} 19.
Be2 {[%clk 00:29:33]} {[%emt 00:07:30]} Bh3 {[%clk 00:50:45]} {[%emt 00:01:14]}
20. Bf1 {[%clk 00:29:21]} {[%emt 00:00:41]} Bg4 {[%clk 00:51:04]} {[%emt
00:00:11]} 21. Be2 {[%clk 00:29:03]} {[%emt 00:00:48]} 1/2-1/2